000 00399 a2200145 4500
001 171073
020 _a
040 _cMagnum
100 _aBanco de Desenvolvimento de Minas Gerais S.d/bdmg
240 1 0 _aMinas gerais do seculo xxi/v.1 - o ponto de partida
_lpor
245 1 0 _aMinas gerais do seculo xxi/v.1 - o ponto de partida
362 0 _a1899
697 _aORGANIZACAO SOCIAL
942 _cBK
999 _c171073
_d171073